[Event "Chigorin Memorial 29th"]
[Site "St Petersburg"]
[Date "2022.10.27"]
[Round "6"]
[White "Klimentova, Anna"]
[Black "Kauzova, Anastasiya"]
[Result "1/2-1/2"]
[WhiteElo "1532"]
[BlackElo "1762"]
[PlyCount "77"]
[EventDate "2022.10.22"]
[EventType "swiss"]
[EventRounds "9"]
[EventCountry "RUS"]
[SourceTitle "EXT 2024"]
[Source "ChessBase"]
[SourceDate "2023.10.10"]
[SourceVersion "1"]
[SourceVersionDate "2023.10.10"]
[SourceQuality "1"]

1. e4 c6 2. c4 d5 3. exd5 cxd5 4. cxd5 Qxd5 5. Nc3 Qa5 6. Nf3 Nf6 7. d4 Bg4 8. Bb5+ Nbd7 9. 0-0 e6 10. d5 e5 11. Re1 0-0-0 12. h3 Bxf3 13. Qxf3 Bb4 14. Bg5 Bxc3 15. Qxc3+ Qxc3 16. bxc3 Nb6 17. Rxe5 Rxd5 18. Bxf6 gxf6 19. Rxd5 Nxd5 20. Bc4 Rd8 21. Rd1 Nxc3 22. Rc1 Rd1+ 23. Rxd1 Nxd1 24. Bxf7 Kd7 25. g4 b5 26. f4 h6 27. Kf1 Nc3 28. Kf2 b4 29. Ke3 Kd6 30. h4 a5 31. g5 fxg5 32. fxg5 hxg5 33. hxg5 Ke5 34. g6 Kf6 35. Kd4 Nxa2 36. Bxa2 Kxg6 37. Kc4 b3 38. Bxb3 a4 39. Bxa4 1/2-1/2